|
|
|
|
| LEADER |
00000nam0a2200000 4500 |
| 001 |
366063 |
| 005 |
20231102011839.0 |
| 035 |
|
|
|a (RuTPU)RU\TPU\retro\23426
|
| 090 |
|
|
|a 366063
|
| 100 |
|
|
|a 20220128d1979 km y0rusy50 ca
|
| 101 |
0 |
|
|a rus
|
| 102 |
|
|
|a RU
|
| 105 |
|
|
|a a z 001zy
|
| 200 |
1 |
|
|a Технология изготовления и размножения графической документации при инженерно-геодезических и маркшейдерских работах
|f Д. С. Михалевич
|
| 210 |
|
|
|a Москва
|c Недра
|d 1979
|
| 215 |
|
|
|a 160 с.
|c ил.
|
| 320 |
|
|
|a Библиогр.: с. 156-159
|
| 606 |
1 |
|
|a Инженерно-геодезические работы
|2 stltpush
|3 (RuTPU)RU\TPU\subj\12579
|9 39342
|
| 606 |
1 |
|
|a Маркшейдерское дело
|x Графическая документация
|2 stltpush
|3 (RuTPU)RU\TPU\subj\79541
|9 87926
|
| 610 |
1 |
|
|a топографо-геодезическая графическая документация
|
| 610 |
1 |
|
|a горная графическая документация
|
| 610 |
1 |
|
|a изготовление
|
| 610 |
1 |
|
|a синтетические чертежные материалы
|
| 610 |
1 |
|
|a пластики
|
| 610 |
1 |
|
|a механизация
|
| 610 |
1 |
|
|a технические средства
|
| 610 |
1 |
|
|a размножение
|
| 610 |
1 |
|
|a полимерные чертежные материалы
|
| 675 |
|
|
|a 528.48
|v 4
|
| 675 |
|
|
|a 622.1
|v 4
|
| 700 |
|
1 |
|a Михалевич
|b Д. С.
|g Дмитрий Семенович
|
| 801 |
|
1 |
|a RU
|b 63413507
|c 20220128
|
| 942 |
|
|
|c BK
|